| 000 | 00484nam a2200169 4500 | ||
|---|---|---|---|
| 005 | 20250803125934.0 | ||
| 008 | 250803b |||||||| |||| 00| 0 eng d | ||
| 020 |
_a9788131723241 _qpbk |
||
| 041 | _aeng | ||
| 082 |
_a006.3 _bKAR |
||
| 100 | _aIndia, Pearson | ||
| 245 |
_aSoft Computing And Intelligent Systems Design : Theory, Tools And Applications _cPearson India |
||
| 260 |
_a India _bPearson _c2009 |
||
| 300 |
_axxxii, 233p. _c25cm. |
||
| 504 | _aindex | ||
| 942 | _cENGLISH | ||
| 999 |
_c578487 _d578487 |
||